[Event "RUS-chT U14 final"]
[Site "Sochi"]
[Date "2019.05.02"]
[Round "2.3"]
[White "Azimov, Timur"]
[Black "Ochirova, Anita"]
[Result "0-1"]
[WhiteElo "1535"]
[BlackElo "1619"]
[PlyCount "76"]
[EventDate "2019.05.01"]
[EventType "team-tourn"]
[EventRounds "9"]
[EventCountry "RUS"]
[SourceTitle "CBM 190 Extra"]
[Source "ChessBase"]
[SourceDate "2019.07.15"]
[SourceVersion "1"]
[SourceVersionDate "2019.07.15"]
[SourceQuality "1"]

1. e4 d5 2. exd5 Qxd5 3. Nc3 Qd6 4. d4 Nf6 5. Nf3 c6 6. Be2 Bg4 7. 0-0 e6 8. Bg5 Nbd7 9. Qd2 Qc7 10. Bf4 Bd6 11. Bxd6 Qxd6 12. Qe3 0-0 13. Ne5 Bxe2 14. Nxe2 Nd5 15. Qg3 Nxe5 16. dxe5 Qb4 17. b3 Qe4 18. Nc3 Qxc2 19. Rac1 Qf5 20. Rfe1 Nxc3 21. Rxc3 Rad8 22. Qe3 Rd5 23. Rc5 Rd3 24. Qe2 Rfd8 25. Rcc1 Rd2 26. Rcd1 Qc2 27. Kf1 R8d5 28. Rxd2 Rxd2 29. Qe3 Qxa2 30. g3 h6 31. Rc1 Qa6+ 32. Kg2 Re2 33. Qf4 Qd3 34. Rc4 Qd5+ 35. Kh3 Qxe5 36. Qh4 Rxf2 37. Qd8+ Kh7 38. Qd3+ Qf5+ 0-1

[Event "Wch U10 rapid"]
[Site "Minsk"]
[Date "2018.06.22"]
[Round "3"]
[White "Ponomarev, Vsevolod"]
[Black "Azimov, Timur"]
[Result "1-0"]
[WhiteElo "1683"]
[BlackElo "1398"]
[PlyCount "65"]
[EventDate "2018.06.22"]
[EventType "swiss (rapid)"]
[EventRounds "9"]
[EventCountry "BLR"]
[SourceTitle "EXT 2019"]
[Source "ChessBase"]
[SourceDate "2018.10.10"]
[SourceVersion "1"]
[SourceVersionDate "2018.10.10"]
[SourceQuality "1"]

1. e4 c5 2. Nf3 d6 3. d4 cxd4 4. Nxd4 Nf6 5. Nc3 a6 6. Be2 e6 7. 0-0 Be7 8. f4 0-0 9. Be3 Bd7 10. Kh1 Nc6 11. Bf3 Nxd4 12. Bxd4 Bc6 13. a4 Qc7 14. Qe1 e5 15. Be3 Nd7 16. f5 Nf6 17. g4 b5 18. g5 Nd7 19. Rg1 b4 20. Ne2 Nc5 21. f6 Bd8 22. fxg7 Re8 23. Ng3 Qb7 24. Bxc5 dxc5 25. Nf5 Bb6 26. Nh6+ Kxg7 27. Nf5+ Kg8 28. Qh4 Re6 29. Rg3 Rg6 30. Rh3 Kf8 31. Re1 Rd8 32. Qxh7 Rxg5 33. Qh6+ 1-0